Second acts : (Record no. 15034)

000 -LEADER
fixed length control field 01356nam a2200265 a 4500
001 - CONTROL NUMBER
control field ASIN1592289428
003 - CONTROL NUMBER IDENTIFIER
control field OSt
005 - DATE AND TIME OF LATEST TRANSACTION
control field 20170105102909.0
008 - FIXED-LENGTH DATA ELEMENTS--GENERAL INFORMATION
fixed length control field 131025s2006 xxu eng d
020 ## - INTERNATIONAL STANDARD BOOK NUMBER
International Standard Book Number 1592289428 (hardcover)
Terms of availability $24.95
020 ## - INTERNATIONAL STANDARD BOOK NUMBER
International Standard Book Number 9781592289424 (hardcover)
040 ## - CATALOGING SOURCE
Original cataloging agency A
050 04 - LIBRARY OF CONGRESS CALL NUMBER
Classification number E176.1
082 04 - DEWEY DECIMAL CLASSIFICATION NUMBER
Classification number 973.099
Author Mark UFD 2006
100 1# - MAIN ENTRY--PERSONAL NAME
Personal name Updegrove, Mark K.
245 10 - TITLE STATEMENT
Title Second acts :
Remainder of title presidential lives and legacies after the white house /
Statement of responsibility, etc. Mark K. Updegrove.
250 ## - EDITION STATEMENT
Edition statement 1st ed.
260 ## - PUBLICATION, DISTRIBUTION, ETC.
Place of publication, distribution, etc. [S.l.] :
Name of publisher, distributor, etc. Lyons Press,
Date of publication, distribution, etc. 2006.
300 ## - PHYSICAL DESCRIPTION
Extent 368 p. ;
Dimensions 23 cm.
520 ## - SUMMARY, ETC.
Summary, etc. …entertaining and illuminating…-- The Washington Post ...lively accounts....This engrossing book [is] Highly recommended for public libraries.-- Library Journal …for those interested in the former presidents, this popular history will do the trick.-- Publishers Weekly ...revealing in detail and context-- Kirkus Reviews   Mark K. Updegrove’s Second Acts is a smart and provocative look at the most exclusive club in America – ex-presidents. Highly recommended! —Douglas Brinkley, Professor of History and Director of the Theodore Roosevelt Center at Tulane University.
650 #0 - SUBJECT ADDED ENTRY--TOPICAL TERM
Topical term or geographic name entry element Presidents
650 #0 - SUBJECT ADDED ENTRY--TOPICAL TERM
Topical term or geographic name entry element United States
856 40 - ELECTRONIC LOCATION AND ACCESS
Materials specified Amazon.com
Uniform Resource Identifier <a href="http://www.amazon.com/exec/obidos/ASIN/1592289428/chopaconline-20">http://www.amazon.com/exec/obidos/ASIN/1592289428/chopaconline-20</a>
942 ## - ADDED ENTRY ELEMENTS (KOHA)
Source of classification or shelving scheme
Koha item type Book
Holdings
Withdrawn status Lost status Damaged status Not for loan Collection code Permanent Location Current Location Shelving location Date acquired Total Checkouts Full call number Barcode Date last seen Price effective from Koha item type
          Centre for International Peace & Stability (CIPS) Centre for International Peace & Stability (CIPS) General Stacks 10/01/2013   973.099 UFD 2006 CIPS0001473 10/25/2013 10/25/2013 Book
© 2023 Central Library, National University of Sciences and Technology. All Rights Reserved.